[Event "SK Münster 5 - SC Falke Saerbeck 1"]
[Site "Verbandsliga 2015/2016"]
[Date "2016.02.13"]
[Round "6.1"]
[White "Hegemann, Eike"]
[Black "Austrup, David"]
[Result "1-0"]
[WhiteElo "1985"]
[BlackElo "1956"]
[PlyCount "61"]
[EventDate "2016.??.??"]
[SourceDate "2015.09.20"]

1. e4 c5 2. Nf3 d6 3. Bb5+ Nd7 4. O-O a6 5. Bxd7+ Bxd7 6. c4 e6 7. b3 Nf6 8.
Nc3 Be7 9. Qe2 O-O 10. Bb2 Bc6 11. d4 cxd4 12. Nxd4 Qa5 13. Nd5 exd5 14. exd5
Bxd5 15. Qxe7 Qd2 16. Qe2 Qxe2 17. Nxe2 Bc6 18. Bxf6 gxf6 19. Rad1 Rad8 20. Nf4
Rfe8 21. Rfe1 Rxe1+ 22. Rxe1 Kg7 23. f3 f5 24. Kf2 Kf6 25. Rd1 Rd7 26. Ke3 Kg5
27. Nd5 Bxd5 28. Rxd5 Re7+ 29. Kf2 Re6 30. g4 Kf4 31. Rxf5# 1-0

[Event "SK Münster 5 - SC Falke Saerbeck 1"]
[Site "Verbandsliga 2015/2016"]
[Date "2016.02.13"]
[Round "6.2"]
[White "Hartmann, Steffen"]
[Black "Fischer, Andreas"]
[Result "0-1"]
[WhiteElo "1877"]
[BlackElo "1952"]
[PlyCount "57"]
[EventDate "2016.??.??"]
[SourceDate "2015.09.20"]

1. e4 e5 2. Nf3 d6 3. Bc4 Nf6 4. Ng5 d5 5. exd5 h6 6. Nf3 e4 7. Nd4 c6 8. Nc3
cxd5 9. Bb5+ Bd7 10. Bxd7+ Qxd7 11. d3 Bb4 12. O-O O-O 13. Nce2 Nc6 14. Bf4
Rad8 15. Nxc6 Qxc6 16. Be5 Rfe8 17. Bd4 Bc5 18. c3 Bxd4 19. Nxd4 Qa6 20. Qd2
Ng4 21. Qf4 Ne5 22. dxe4 Nd3 23. Qd2 dxe4 24. Qc2 Qg6 25. Rad1 Nf4 26. f3 Rd5
27. fxe4 Nxg2 28. Kh1 Ne3 29. Qd3 0-1

[Event "SK Münster 5 - SC Falke Saerbeck 1"]
[Site "Verbandsliga 2015/2016"]
[Date "2016.02.13"]
[Round "6.3"]
[White "Hoge, Reinhard"]
[Black "Stumpe, Danny"]
[Result "1-0"]
[WhiteElo "1927"]
[BlackElo "1708"]
[PlyCount "49"]
[EventDate "2016.??.??"]
[SourceDate "2015.09.20"]

1. c4 Nf6 2. g3 d5 3. cxd5 Nxd5 4. Bg2 g6 5. Nc3 c6 6. Nf3 Bg7 7. O-O e5 8. d4
exd4 9. Nxd4 Nf6 10. e4 Nbd7 11. e5 Nxe5 12. Re1 Nfd7 13. f4 O-O 14. fxe5 Nxe5
15. h3 Qa5 16. Nb3 Qa6 17. Be3 Qd3 18. Nc5 Qc4 19. Rc1 Bf5 20. Nd5 Qxa2 21.
Ne7+ Kh8 22. Nxf5 gxf5 23. Bd4 Rad8 24. Rxe5 Kg8 25. Qb3 1-0

[Event "SK Münster 5 - SC Falke Saerbeck 1"]
[Site "Verbandsliga 2015/2016"]
[Date "2016.02.13"]
[Round "6.4"]
[White "Sokolowski, Cyril"]
[Black "Kipp, Lucas"]
[Result "1/2-1/2"]
[WhiteElo "1725"]
[BlackElo "1869"]
[PlyCount "89"]
[EventDate "2016.??.??"]
[SourceDate "2015.09.20"]

1. e4 e6 2. d4 d5 3. Nd2 Nf6 4. e5 Nfd7 5. Bd3 c5 6. c3 Nc6 7. Ndf3 Be7 8. Ne2
c4 9. Bc2 b5 10. O-O a5 11. h3 Bb7 12. Nh2 Qb6 13. Ng3 O-O-O 14. Kh1 Rdg8 15.
Qe2 Nd8 16. Be3 g6 17. b3 h5 18. Rfb1 h4 19. Ngf1 Qc6 20. f3 f6 21. exf6 Nxf6
22. Nd2 Nh5 23. Nhf1 g5 24. bxc4 bxc4 25. a4 Bd6 26. Ra2 Bc7 27. Rab2 Rg7 28.
Rb5 Rhg8 29. Re1 Nf4 30. Qd1 Qd6 31. Bxf4 gxf4 32. Re2 Bc6 33. Rb2 Nf7 34. Nb1
Ng5 35. Qe1 Bd8 36. Nfd2 Qf8 37. Re5 Qf6 38. Na3 Kd7 39. Nb5 Nf7 40. Re2 Ng5
41. Qb1 Nxh3 42. gxh3 Rg3 43. Qf1 Qg5 44. Rb1 Bf6 45. Rbe1 1/2-1/2

[Event "SK Münster 5 - SC Falke Saerbeck 1"]
[Site "Verbandsliga 2015/2016"]
[Date "2016.02.13"]
[Round "6.5"]
[White "Lutterbey, Ralf"]
[Black "Bissen, Philippe"]
[Result "1-0"]
[WhiteElo "1882"]
[BlackElo "1681"]
[PlyCount "89"]
[EventDate "2016.??.??"]
[SourceDate "2015.09.20"]

1. e4 c5 2. Nf3 Nc6 3. d4 cxd4 4. Nxd4 Nf6 5. Nc3 e5 6. Nxc6 bxc6 7. Bc4 Bb4 8.
Qd3 d5 9. exd5 cxd5 10. Bb5+ Bd7 11. O-O Bxc3 12. Bxd7+ Nxd7 13. bxc3 Qa5 14.
Qg3 g6 15. Bh6 Rg8 16. Rfe1 f6 17. Rad1 Rc8 18. Bd2 Qc5 19. Qh3 Rg7 20. Be3 Qc6
21. Bxa7 Qxc3 22. Qe6+ Re7 23. Qxd5 Qc4 24. Qa5 Qc7 25. Qxc7 Rxc7 26. Be3 Rxc2
27. a4 Ra2 28. Ra1 Rxa1 29. Rxa1 Re6 30. Kf1 Nb8 31. Rb1 Na6 32. Ke2 Kd7 33.
Rb7+ Nc7 34. Bb6 Rc6 35. Kd3 Kd6 36. Bxc7+ Rxc7 37. Rxc7 Kxc7 38. f3 f5 39. Kc4
Kc6 40. a5 h5 41. a6 h4 42. a7 Kb7 43. Kd5 e4 44. fxe4 f4 45. h3 1-0

[Event "SK Münster 5 - SC Falke Saerbeck 1"]
[Site "Verbandsliga 2015/2016"]
[Date "2016.02.13"]
[Round "6.6"]
[White "Kamp, Aaron"]
[Black "Schröter, Manfred"]
[Result "1-0"]
[WhiteElo "1616"]
[BlackElo "1844"]
[PlyCount "49"]
[EventDate "2016.??.??"]
[SourceDate "2015.09.20"]

1. e4 c5 2. d4 cxd4 3. c3 d5 4. cxd4 dxe4 5. Nc3 Nf6 6. Bc4 e6 7. f3 Bb4 8. a3
Bxc3+ 9. bxc3 Qc7 10. Qb3 Nc6 11. Bb5 Bd7 12. Bxc6 Bxc6 13. Bd2 O-O 14. Kf2
Rac8 15. Rc1 Bd5 16. Qb2 b6 17. Ne2 exf3 18. gxf3 Qc6 19. Rhg1 Bxf3 20. d5 Qxd5
21. c4 Qxd2 22. Rxg7+ Kxg7 23. Rg1+ Kh6 24. Qxf6+ Kh5 25. Qxf3+ 1-0

[Event "SK Münster 5 - SC Falke Saerbeck 1"]
[Site "Verbandsliga 2015/2016"]
[Date "2016.02.13"]
[Round "6.7"]
[White "Bartsch, Rainer"]
[Black "Kamp, Adrian"]
[Result "1-0"]
[WhiteElo "1787"]
[BlackElo "1497"]
[PlyCount "69"]
[EventDate "2016.??.??"]
[SourceDate "2015.09.20"]

1. d4 d5 2. Nf3 Nf6 3. e3 Bf5 4. Bd3 Bxd3 5. Qxd3 c6 6. Nbd2 e6 7. b3 Nbd7 8.
Bb2 Bd6 9. c4 O-O 10. Ne5 Bxe5 11. dxe5 dxc4 12. Qxc4 Nd5 13. O-O N7b6 14. Qg4
Nxe3 15. fxe3 Qxd2 16. Bc1 Qc3 17. Ba3 Qxe3+ 18. Kh1 Rfd8 19. Bd6 Nd5 20. Rf3
Qh6 21. Raf1 Ne3 22. Qe4 Nxf1 23. Rxf1 Qg6 24. Qb4 b6 25. h3 c5 26. Qa4 a6 27.
Qc6 f6 28. exf6 gxf6 29. Be7 Re8 30. Rxf6 Qg7 31. Qxe6+ Kh8 32. Rf7 Qg6 33.
Bf6+ Kg8 34. Rg7+ Kf8 35. Qg8# 1-0

[Event "SV Heiden 1 - SC Rochade Emsdetten 2"]
[Site "Verbandsliga 2015/2016"]
[Date "2016.02.13"]
[Round "6.1"]
[White "Lücke, Thomas"]
[Black "Berger, Alfred"]
[Result "0-1"]
[WhiteElo "1801"]
[BlackElo "1983"]
[PlyCount "134"]
[EventDate "2016.??.??"]
[SourceDate "2015.09.20"]

1. d4 e6 2. c4 Bb4+ 3. Nc3 b6 4. a3 Bxc3+ 5. bxc3 Bb7 6. Nf3 f5 7. e3 Nf6 8. a4
Ne4 9. Qc2 a5 10. Rb1 d6 11. Be2 Nd7 12. O-O O-O 13. Nd2 Qh4 14. f3 Ng5 15. f4
Ne4 16. Nxe4 Bxe4 17. Bd3 Nf6 18. Bxe4 Nxe4 19. Bd2 Qh5 20. Be1 Rf6 21. Qd1 Qe8
22. Rb5 Qc6 23. Qe2 Re8 24. Qa2 Rg6 25. Rb2 d5 26. cxd5 exd5 27. Qb3 Nd6 28.
Bf2 Nc4 29. Re2 Qd7 30. Rfe1 Re4 31. Qb5 Qxb5 32. axb5 Rge6 33. Kf1 Kf7 34. Kg1
Re8 35. Kf1 Nd6 36. Rb2 Nc4 37. Rbe2 h6 38. g3 Nd6 39. Rb2 Nc4 40. Rbe2 Kf6 41.
Kg2 Nd6 42. Rb1 g5 43. Kf3 g4+ 44. Kg2 Nc4 45. Rbe1 R4e6 46. Kf1 a4 47. Kg1 h5
48. Kf1 a3 49. Ra2 Ra8 50. Ke2 Ra5 51. Rb1 Nd6 52. Kd3 Rxb5 53. Rxb5 Nxb5 54.
c4 dxc4+ 55. Kxc4 c6 56. Kd3 Re8 57. Be1 Ke6 58. Kc4 Ra8 59. Bb4 Nd6+ 60. Kb3
Kd5 61. Rxa3 Rxa3+ 62. Bxa3 Nc4 63. Bc1 Nd6 64. Bd2 Nb5 65. Kb4 Nc7 66. Kc3 Ke4
67. Kc4 Nd5 0-1

[Event "SV Heiden 1 - SC Rochade Emsdetten 2"]
[Site "Verbandsliga 2015/2016"]
[Date "2016.02.13"]
[Round "6.2"]
[White "Wienen, Hermann"]
[Black "Hedwig, Johannes"]
[Result "1/2-1/2"]
[WhiteElo "1955"]
[BlackElo "1809"]
[PlyCount "32"]
[EventDate "2016.??.??"]
[SourceDate "2015.09.20"]

1. e4 c6 2. Nf3 d5 3. exd5 cxd5 4. Bb5+ Bd7 5. Bxd7+ Nxd7 6. d4 Ngf6 7. Nc3 e6
8. O-O Bb4 9. Ne2 Bd6 10. Bf4 Qc7 11. Bxd6 Qxd6 12. Ng3 O-O 13. Qe2 Rac8 14. c3
a6 15. Ne5 Qc7 16. f4 g6 1/2-1/2

[Event "SV Heiden 1 - SC Rochade Emsdetten 2"]
[Site "Verbandsliga 2015/2016"]
[Date "2016.02.13"]
[Round "6.3"]
[White "Fehlings, Gerd"]
[Black "Sicking, Norbert"]
[Result "1/2-1/2"]
[WhiteElo "1735"]
[BlackElo "1780"]
[PlyCount "40"]
[EventDate "2016.??.??"]
[SourceDate "2015.09.20"]

1. d4 Nf6 2. Nf3 g6 3. g3 Bg7 4. Bg2 d5 5. O-O O-O 6. c4 dxc4 7. Ne5 c6 8. Nxc4
Nbd7 9. Qc2 Nb6 10. Rd1 Be6 11. Nxb6 Qxb6 12. Nc3 Rad8 13. e3 Qc7 14. Bd2 Qc8
15. Rac1 h5 16. Ne2 Bh3 17. Bxh3 Qxh3 18. Nf4 Qg4 19. Bb4 Rd7 20. Qe2 Qxe2
1/2-1/2

[Event "SV Heiden 1 - SC Rochade Emsdetten 2"]
[Site "Verbandsliga 2015/2016"]
[Date "2016.02.13"]
[Round "6.4"]
[White "Vestrick, Frank"]
[Black "Lachmuth, Matthias"]
[Result "1-0"]
[WhiteElo "1763"]
[BlackElo "1758"]
[PlyCount "105"]
[EventDate "2016.??.??"]
[SourceDate "2015.09.20"]

1. d4 Nf6 2. c4 b6 3. Nc3 Bb7 4. f3 e6 5. e4 d6 6. Bd3 Nbd7 7. b3 c5 8. d5 e5
9. Be3 Be7 10. Nge2 a6 11. Qd2 O-O 12. g4 Ne8 13. Ng3 Bh4 14. O-O-O g6 15. Rdg1
Nc7 16. Nf1 Bf6 17. g5 Bg7 18. Ng3 b5 19. h4 bxc4 20. Bxc4 Re8 21. h5 Nf8 22.
hxg6 fxg6 23. Nf1 Bc8 24. Nh2 Bd7 25. Ng4 Bxg4 26. Rxg4 Qd7 27. Rgh4 Re7 28.
R1h3 Nb5 29. Na4 Qc7 30. Bxc5 Kh8 31. Bb6 Qc8 32. Kb2 Rf7 33. Be3 Kg8 34. Nb6
Qb7 35. Nxa8 Qxa8 36. Qa5 Nd4 37. Bxd4 exd4 38. Bd3 Qc8 39. f4 Rxf4 40. Qd2 Rf7
41. Rh1 Qc3+ 42. Qxc3 dxc3+ 43. Kc1 Rf2 44. R1h2 Rxh2 45. Rxh2 a5 46. Bb5 Bd4
47. Kc2 Kg7 48. Kd3 Be5 49. Rf2 Bg3 50. Rf1 Be5 51. a3 Kg8 52. b4 axb4 53. axb4
1-0

[Event "SV Heiden 1 - SC Rochade Emsdetten 2"]
[Site "Verbandsliga 2015/2016"]
[Date "2016.02.13"]
[Round "6.5"]
[White "Schulte, Ralf"]
[Black "Wetter, Ralf"]
[Result "1/2-1/2"]
[WhiteElo "1774"]
[BlackElo "1857"]
[PlyCount "32"]
[EventDate "2016.??.??"]
[SourceDate "2015.09.20"]

1. d4 Nf6 2. Nf3 d6 3. Bf4 Nh5 4. Bc1 g6 5. e4 Bg7 6. Bc4 O-O 7. O-O Nd7 8. Be3
h6 9. Nc3 e5 10. dxe5 dxe5 11. Qd2 Kh7 12. Rad1 Qe7 13. Nd5 Qd8 14. Qb4 c6 15.
Ne7 Qc7 16. Qd6 Qxd6 1/2-1/2

[Event "SV Heiden 1 - SC Rochade Emsdetten 2"]
[Site "Verbandsliga 2015/2016"]
[Date "2016.02.13"]
[Round "6.6"]
[White "Niewerth, Gerd"]
[Black "Colmer, Willi"]
[Result "1/2-1/2"]
[WhiteElo "1758"]
[BlackElo "1775"]
[PlyCount "122"]
[EventDate "2016.??.??"]
[SourceDate "2015.09.20"]

1. e4 c5 2. Nf3 g6 3. d4 Bg7 4. c3 Qa5 5. Be2 cxd4 6. Nxd4 Nc6 7. Be3 Nf6 8.
Nd2 a6 9. N2b3 Qc7 10. f3 Ne5 11. O-O Nc4 12. Bxc4 Qxc4 13. Qd2 O-O 14. Bh6
Bxh6 15. Qxh6 d5 16. e5 Nh5 17. f4 Ng7 18. Nd2 Qc7 19. N2f3 f6 20. Rae1 Qb6 21.
Kh1 Rf7 22. Re2 Bf5 23. Nxf5 Nxf5 24. Qh3 h5 25. Rfe1 Raf8 26. e6 Rh7 27. Nh4
Nxh4 28. Qxh4 Rd8 29. Qg3 Rg7 30. Qd3 Rd6 31. Rd2 Kh7 32. Rde2 Rg8 33. Qf3 Kh6
34. Qd3 Rc8 35. h4 Rc4 36. g3 Qc6 37. Kh2 d4 38. Re4 b5 39. cxd4 Rc2+ 40. R1e2
Rc1 41. Re1 Qc2+ 42. Qe2 f5 43. Qxc2 Rxc2+ 44. R4e2 Rxe2+ 45. Rxe2 Rxd4 46. Kg2
Kg7 47. Rc2 Kf6 48. Kf3 Kxe6 49. Ke3 Rd6 50. Rc7 Kf6 51. Ke2 e5 52. fxe5+ Kxe5
53. Ke3 Re6 54. Rc8 Re7 55. Rg8 Kf6+ 56. Kf3 Rc7 57. Ra8 Rc6 58. Ra7 g5 59.
hxg5+ Kxg5 60. Rg7+ Rg6 61. Ra7 Rd6 1/2-1/2

[Event "SV Heiden 1 - SC Rochade Emsdetten 2"]
[Site "Verbandsliga 2015/2016"]
[Date "2016.02.13"]
[Round "6.7"]
[White "Schmidt, Frank"]
[Black "Kloster, Elisabeth"]
[Result "1/2-1/2"]
[WhiteElo "1612"]
[BlackElo "1732"]
[PlyCount "135"]
[EventDate "2016.??.??"]
[SourceDate "2015.09.20"]

1. Nf3 Nf6 2. d4 g6 3. g3 Bg7 4. Bg2 d6 5. O-O O-O 6. Bg5 Nbd7 7. Nc3 c5 8. d5
Rb8 9. a4 a6 10. Qd3 h6 11. Bxf6 Bxf6 12. Rfb1 Nb6 13. Ne4 Bg7 14. Ned2 Bd7 15.
a5 c4 16. Nxc4 Nxc4 17. Qxc4 Rc8 18. Qb3 Bb5 19. e4 Rc5 20. Bf1 Qc7 21. c3 Bxf1
22. Rxf1 Rb5 23. Qa4 Rxb2 24. c4 Rc8 25. Rac1 Qc5 26. Qd7 Qc7 27. Qa4 Qd8 28.
Rb1 Rxb1 29. Rxb1 Rc7 30. Qb4 Qc8 31. Rc1 Rc5 32. Nd2 h5 33. Nb3 Rc7 34. Kg2 h4
35. f3 f5 36. Nd2 h3+ 37. Kf2 Bd4+ 38. Ke2 Qf8 39. Rf1 Qf6 40. Kd3 Bc5 41. Qc3
Qxc3+ 42. Kxc3 Be3 43. Nb3 Kf7 44. Kd3 Ba7 45. Nd4 Bxd4 46. Kxd4 Rc5 47. Ra1
e5+ 48. dxe6+ Kxe6 49. Ra3 g5 50. Ra4 Re5 51. Ra3 Rc5 52. Ra4 Re5 53. Ke3 g4
54. fxg4 Rxe4+ 55. Kf3 Rxg4 56. Rb4 Rg7 57. Kf4 Rg4+ 58. Ke3 Ke5 59. Rxb7 Rxc4
60. Rh7 Rc3+ 61. Kd2 Ra3 62. Rxh3 Rxa5 63. Rh6 Ra2+ 64. Kc3 Rg2 65. Rh4 d5 66.
Kd3 a5 67. Ke3 Ra2 68. Kd3 1/2-1/2

[Event "SV Heiden 1 - SC Rochade Emsdetten 2"]
[Site "Verbandsliga 2015/2016"]
[Date "2016.02.13"]
[Round "6.8"]
[White "Herdering, Martin"]
[Black "Peters, Tobias"]
[Result "1/2-1/2"]
[WhiteElo "1809"]
[BlackElo "1581"]
[PlyCount "63"]
[EventDate "2016.??.??"]
[SourceDate "2015.09.20"]

1. e4 c5 2. Nf3 d6 3. d4 cxd4 4. Nxd4 Nf6 5. Nc3 g6 6. Be3 Bg7 7. f3 O-O 8. Qd2
Nc6 9. O-O-O d5 10. exd5 Nxd5 11. Nxc6 bxc6 12. Bd4 e5 13. Bc5 Be6 14. Bc4 Qh4
15. Bxd5 Rfd8 16. g3 Qh5 17. Be3 cxd5 18. g4 Qh3 19. Qe2 d4 20. Bg5 f6 21. Ne4
fxg5 22. Kb1 Qh6 23. h4 Bf8 24. Nxg5 Bd5 25. Qxe5 Qg7 26. Qf4 Bc5 27. h5 h6 28.
Ne4 Bxe4 29. Qxe4 g5 30. Rhe1 Qf7 31. Qc6 Rac8 32. Qxh6 1/2-1/2

[Event "SK Münster 4 - SK Bocholt 1"]
[Site "Verbandsliga 2015/2016"]
[Date "2016.02.13"]
[Round "6.1"]
[White "Fuest, Martin"]
[Black "Schulz, Stefan"]
[Result "1-0"]
[WhiteElo "2157"]
[BlackElo "1937"]
[PlyCount "79"]
[EventDate "2016.??.??"]
[SourceDate "2015.09.20"]

1. d4 Nf6 2. Nf3 g6 3. Bg5 d5 4. Bxf6 exf6 5. e3 Bg7 6. c4 O-O 7. Nc3 Be6 8.
Qb3 dxc4 9. Bxc4 Bxc4 10. Qxc4 c6 11. O-O Nd7 12. b4 Nb6 13. Qb3 a6 14. a4 Qd6
15. b5 axb5 16. axb5 cxb5 17. Qxb5 Rxa1 18. Rxa1 Rc8 19. Ne4 Qc6 20. Qxc6 bxc6
21. g4 Nd5 22. Nd6 Rd8 23. Nc4 Bf8 24. Nfd2 Bb4 25. Ne4 f5 26. gxf5 gxf5 27.
Ng3 f4 28. Nf5 fxe3 29. fxe3 Ne7 30. Nxe7+ Bxe7 31. Ra7 Bb4 32. Rc7 c5 33. Rb7
Bc3 34. dxc5 Rd1+ 35. Kg2 Rc1 36. c6 Ba1 37. Rb4 Rc2+ 38. Kf3 Be5 39. Nxe5 f6
40. Rc4 1-0

[Event "SK Münster 4 - SK Bocholt 1"]
[Site "Verbandsliga 2015/2016"]
[Date "2016.02.13"]
[Round "6.2"]
[White "Jansen, Dirk"]
[Black "Liesmann, Karsten"]
[Result "0-1"]
[WhiteElo "1924"]
[BlackElo "1987"]
[PlyCount "78"]
[EventDate "2016.??.??"]
[SourceDate "2015.09.20"]

1. c4 c5 2. g3 Nf6 3. Bg2 Nc6 4. Nf3 e6 5. O-O d5 6. cxd5 exd5 7. d4 Be7 8. Nc3
O-O 9. Bg5 cxd4 10. Nxd4 h6 11. Be3 Bg4 12. h3 Be6 13. Nxe6 fxe6 14. f4 Qd7 15.
Qa4 Rad8 16. Rad1 Bd6 17. Bf2 Qf7 18. e4 Bb4 19. exd5 exd5 20. Rd3 Rfe8 21.
Rfd1 Bxc3 22. bxc3 Ne4 23. c4 Nxf2 24. Kxf2 dxc4 25. Rxd8 Rxd8 26. Rxd8+ Nxd8
27. Qb5 Kh8 28. Bd5 Qe7 29. Qxc4 Qd6 30. Qe4 Qb6+ 31. Kf3 Qb5 32. Qf5 Qf1+ 33.
Kg4 Qe2+ 34. Kh4 Qe7+ 35. Kh5 Qe8+ 36. Qg6 Qd7 37. Bg2 Ne6 38. Be4 Nxf4+ 39.
gxf4 Qxh3# 0-1

[Event "SK Münster 4 - SK Bocholt 1"]
[Site "Verbandsliga 2015/2016"]
[Date "2016.02.13"]
[Round "6.3"]
[White "Naumann, Felix"]
[Black "Tietz, Eric"]
[Result "1/2-1/2"]
[WhiteElo "1805"]
[BlackElo "1906"]
[PlyCount "66"]
[EventDate "2016.??.??"]
[SourceDate "2015.09.20"]

1. d4 Nf6 2. Nf3 c5 3. Nc3 cxd4 4. Nxd4 e5 5. Ndb5 a6 6. Nd6+ Bxd6 7. Qxd6 Nc6
8. Bg5 Qb6 9. O-O-O Qxf2 10. Bxf6 Qxf6 11. Qxf6 gxf6 12. Nd5 Kd8 13. Nxf6 b5
14. g3 Kc7 15. Bh3 d6 16. Nd5+ Kb7 17. Bg2 f5 18. Ne7 e4 19. Nxc8 Raxc8 20.
Rxd6 Nb4 21. c3 Nxa2+ 22. Kb1 Nxc3+ 23. bxc3 Rxc3 24. Rc1 Rhc8 25. Rxc3 Rxc3
26. Rf6 Re3 27. Bf1 a5 28. Rxf5 Kb6 29. Rh5 a4 30. Rxh7 b4 31. g4 Rb3+ 32. Kc2
Rc3+ 33. Kb2 Rb3+ 1/2-1/2

[Event "SK Münster 4 - SK Bocholt 1"]
[Site "Verbandsliga 2015/2016"]
[Date "2016.02.13"]
[Round "6.4"]
[White "Wolffgang, Georg"]
[Black "Hunhoff, Sebastian"]
[Result "0-1"]
[WhiteElo "1879"]
[BlackElo "1894"]
[PlyCount "88"]
[EventDate "2016.??.??"]
[SourceDate "2015.09.20"]

1. d4 Nf6 2. Bg5 d5 3. Bxf6 exf6 4. e3 g6 5. c4 Bg7 6. Nc3 dxc4 7. Bxc4 O-O 8.
Nf3 c6 9. O-O Bg4 10. h3 Bxf3 11. Qxf3 Qb6 12. Na4 Qb4 13. Bb3 Nd7 14. Rac1 Qd6
15. Nc5 Nxc5 16. Rxc5 f5 17. g3 Rad8 18. Rfc1 Qe7 19. a4 Qe4 20. Qe2 Rxd4 21.
R5c2 Rd7 22. Bc4 Rfd8 23. b4 Bf8 24. b5 c5 25. Rb2 b6 26. Bb3 Bg7 27. Rbb1 Rd2
28. Qc4 Qxc4 29. Bxc4 Bb2 30. Re1 g5 31. Re2 Bc3 32. Rxd2 Rxd2 33. f4 h6 34.
Rb3 Bf6 35. Rd3 Rc2 36. Bb3 Rc1+ 37. Bd1 c4 38. Rd6 c3 39. Kf2 c2 40. Bxc2
Rxc2+ 41. Kf3 Kg7 42. Rd7 gxf4 43. gxf4 Bh4 44. e4 Rc3+ 0-1

[Event "SK Münster 4 - SK Bocholt 1"]
[Site "Verbandsliga 2015/2016"]
[Date "2016.02.13"]
[Round "6.5"]
[White "Steiner, Karl"]
[Black "Voß, Norbert"]
[Result "1/2-1/2"]
[WhiteElo "1919"]
[BlackElo "1854"]
[PlyCount "81"]
[EventDate "2016.??.??"]
[SourceDate "2015.09.20"]

1. Nf3 d6 2. d4 Bg4 3. Nbd2 Nd7 4. h3 Bh5 5. e3 e6 6. Be2 Be7 7. b3 Ngf6 8. Bb2
O-O 9. O-O d5 10. c4 c6 11. Rc1 a5 12. a3 Bd6 13. c5 Bc7 14. b4 axb4 15. axb4
Qe7 16. Ne5 Bxe2 17. Qxe2 Ra2 18. Ndf3 Ne4 19. Ra1 Rfa8 20. Rxa2 Rxa2 21. Ra1
Rxa1+ 22. Bxa1 Nxe5 23. dxe5 Qd8 24. Qa2 h6 25. Bd4 Qb8 26. Qa4 Ng5 27. Nxg5
hxg5 28. b5 cxb5 29. Qxb5 Bxe5 30. Bxe5 Qxe5 31. Qxb7 Qa1+ 32. Kh2 Qe5+ 33. g3
d4 34. c6 Qe4 35. Qb8+ Kh7 36. c7 Qc2 37. Kg1 dxe3 38. fxe3 Qd1+ 39. Kf2 Qd2+
40. Kf3 Qd1+ 41. Kf2 1/2-1/2

[Event "SK Münster 4 - SK Bocholt 1"]
[Site "Verbandsliga 2015/2016"]
[Date "2016.02.13"]
[Round "6.6"]
[White "Schöpper, Oliver"]
[Black "Robeling, Stephan"]
[Result "1/2-1/2"]
[WhiteElo "1794"]
[BlackElo "1869"]
[PlyCount "79"]
[EventDate "2016.??.??"]
[SourceDate "2015.09.20"]

1. d4 Nf6 2. c4 e6 3. g3 d5 4. Nf3 c6 5. Bg2 Nbd7 6. O-O Be7 7. Qc2 O-O 8. b3
Ne4 9. Bb2 Re8 10. Ne5 Nef6 11. Nd2 Qc7 12. e4 dxe4 13. Nxe4 c5 14. Nxd7 Bxd7
15. d5 exd5 16. Nxf6+ Bxf6 17. Bxf6 gxf6 18. Bxd5 Bc6 19. Rad1 Bxd5 20. Rxd5
Re5 21. Rfd1 Rae8 22. Qc3 Qe7 23. Qf3 Rxd5 24. Rxd5 b6 25. Qg4+ Kh8 26. Rd7
Qe1+ 27. Kg2 Re7 28. Rd1 Qe5 29. Rd5 Qe1 30. h4 Re2 31. Rd8+ Re8 32. Rd7 Re7
33. Rd1 Qe5 34. Rd5 Qe1 35. h5 h6 36. Rd8+ Re8 37. Qf3 Kg7 38. Rxe8 Qxe8 39.
Qe3 Qd7 40. Qe2 1/2-1/2

[Event "SK Münster 4 - SK Bocholt 1"]
[Site "Verbandsliga 2015/2016"]
[Date "2016.02.13"]
[Round "6.7"]
[White "Hunhoff, Andreas"]
[Black "Schlagheck, Thomas"]
[Result "1-0"]
[WhiteElo "1848"]
[BlackElo "1680"]
[PlyCount "55"]
[EventDate "2016.??.??"]
[SourceDate "2015.09.20"]

1. f4 f5 2. Nf3 Nf6 3. e3 b6 4. b3 Bb7 5. Bb2 e6 6. Be2 Be7 7. O-O O-O 8. c4 d6
9. Ng5 Qd7 10. Bf3 Nc6 11. Na3 Nd8 12. Nc2 c5 13. d4 Bxf3 14. Qxf3 Nf7 15. Nxf7
Kxf7 16. dxc5 dxc5 17. Rad1 Qc8 18. Bxf6 Bxf6 19. e4 Rd8 20. Rxd8 Qxd8 21. Rd1
Qc8 22. Kf1 Rb8 23. exf5 exf5 24. Qd5+ Kf8 25. Ne3 g6 26. Qd6+ Kg7 27. Qd7+ Kh6
28. g4 1-0

[Event "SK Münster 4 - SK Bocholt 1"]
[Site "Verbandsliga 2015/2016"]
[Date "2016.02.13"]
[Round "6.8"]
[White "Voß, Andreas"]
[Black "Wüstnienhaus, Andreas"]
[Result "1/2-1/2"]
[WhiteElo "1678"]
[BlackElo "1912"]
[PlyCount "75"]
[EventDate "2016.??.??"]
[SourceDate "2015.09.20"]

1. d4 d5 2. c4 c6 3. Nc3 Nf6 4. Bg5 e6 5. e3 Nbd7 6. Bd3 Be7 7. Nf3 O-O 8. O-O
dxc4 9. Bxc4 Nd5 10. Bxe7 Qxe7 11. Ne4 N5f6 12. Nxf6+ Qxf6 13. Qb3 e5 14. Nxe5
Nxe5 15. dxe5 Qxe5 16. Rfd1 Qe7 17. Rd4 b5 18. Be2 c5 19. Rd2 a6 20. Bf3 Be6
21. Qa3 Ra7 22. Qa5 Qc7 23. Qxc7 Rxc7 24. Rd6 Bc8 25. Rc1 g6 26. b3 Kg7 27. h4
Re8 28. Rc6 Rxc6 29. Bxc6 Re5 30. e4 c4 31. bxc4 Rc5 32. Bd5 Be6 33. Bxe6 fxe6
34. f4 Kf6 35. Kf2 e5 36. g3 bxc4 37. Rc3 h6 38. Ke3 1/2-1/2

[Event "TV Borken 1 - SF Beelen 1"]
[Site "Verbandsliga 2015/2016"]
[Date "2016.02.13"]
[Round "6.1"]
[White "Hofene, Dieter"]
[Black "Schulze-Schwering, Philipp"]
[Result "0-1"]
[WhiteElo "1959"]
[BlackElo "2047"]
[PlyCount "72"]
[EventDate "2016.??.??"]
[SourceDate "2015.09.20"]

1. e4 c6 2. d4 d5 3. exd5 cxd5 4. Bd3 Nc6 5. c3 Nf6 6. Bf4 Qb6 7. Qb3 Qxb3 8.
axb3 Bg4 9. Nd2 e6 10. Ngf3 Be7 11. O-O O-O 12. b4 a6 13. h3 Bh5 14. Rfe1 Bg6
15. Bxg6 hxg6 16. Ne5 Nxe5 17. Bxe5 Nd7 18. Nf3 f6 19. Bg3 Kf7 20. Nd2 Rfc8 21.
Nb3 Bd8 22. Re2 Bb6 23. Rae1 Re8 24. Bd6 a5 25. Nc5 Bxc5 26. bxc5 Ra6 27. b3
Nb8 28. c4 dxc4 29. d5 cxb3 30. dxe6+ Kg8 31. Bxb8 Rxb8 32. Rd2 a4 33. Rd7 a3
34. e7 Re8 35. Rxb7 b2 36. c6 Rxc6 0-1

[Event "TV Borken 1 - SF Beelen 1"]
[Site "Verbandsliga 2015/2016"]
[Date "2016.02.13"]
[Round "6.2"]
[White "Schroer, Klaus"]
[Black "Cigelski, Rudolf"]
[Result "1-0"]
[WhiteElo "2045"]
[BlackElo "1780"]
[PlyCount "59"]
[EventDate "2016.??.??"]
[SourceDate "2015.09.20"]

1. e4 Nc6 2. d4 e5 3. Nf3 exd4 4. Nxd4 Qh4 5. Nb5 Qxe4+ 6. Be2 Kd8 7. N1c3 Bb4
8. O-O Bxc3 9. bxc3 Nf6 10. Bf3 Qc4 11. Rb1 Re8 12. Bg5 Re5 13. Na3 Qa4 14. Qc1
Rxg5 15. Qxg5 Qxa3 16. Qxg7 Ne8 17. Qxh7 Qf8 18. Rfe1 d6 19. Qh4+ f6 20. Re2
Ne5 21. Bh5 Ng7 22. f4 Nf5 23. Qf2 Nf7 24. Bg6 c6 25. Bxf5 Bxf5 26. Rxb7 Bc8
27. Rxa7 Rb8 28. Re1 Bd7 29. Qd4 Nh6 30. Qa4 1-0

[Event "TV Borken 1 - SF Beelen 1"]
[Site "Verbandsliga 2015/2016"]
[Date "2016.02.13"]
[Round "6.3"]
[White "Hanewinkel, Winfried"]
[Black "Beckmann, David"]
[Result "1/2-1/2"]
[WhiteElo "1917"]
[BlackElo "1991"]
[PlyCount "140"]
[EventDate "2016.??.??"]
[SourceDate "2015.09.20"]

1. d4 d5 2. Nf3 Nf6 3. c4 e6 4. g3 Be7 5. Bg2 O-O 6. O-O dxc4 7. Ne5 Nc6 8.
Nxc6 bxc6 9. e3 Nd5 10. Qa4 Nb6 11. Qxc6 Rb8 12. Qb5 a6 13. Qh5 Bb7 14. Nc3
Bxg2 15. Kxg2 Nd5 16. Qe2 Nxc3 17. bxc3 Qd5+ 18. e4 Qb5 19. Bf4 Bd6 20. Rab1
Qc6 21. Qf3 Bxf4 22. gxf4 Rb6 23. e5 Qxf3+ 24. Kxf3 Rfb8 25. Rxb6 Rxb6 26. Ke4
c6 27. Ke3 Rb2 28. Re1 Rc2 29. Rb1 Rxc3+ 30. Ke4 f5+ 31. exf6 gxf6 32. Rb6 Rc2
33. Rxa6 Rxf2 34. Rxc6 Rxa2 35. Rxc4 Re2+ 36. Kf3 Rxh2 37. Rc7 Kf8 38. Kg3 Rh1
39. Kg2 Rh6 40. Rd7 Rg6+ 41. Kf3 Rg7 42. Rd6 Ke7 43. Ra6 f5 44. Rb6 Rf7 45. Ra6
h6 46. Rb6 Rf6 47. Ra6 Kf7 48. Ra7+ Kg6 49. Rd7 Kh5 50. d5 exd5 51. Rxd5 Kg6
52. Kg3 Rb6 53. Kh4 Kf6 54. Ra5 Rb4 55. Ra6+ Ke7 56. Rxh6 Rxf4+ 57. Kg3 Rg4+
58. Kf3 Kf7 59. Ra6 Rg6 60. Rxg6 Kxg6 61. Kf4 Kf6 62. Kf3 Kg5 63. Kg3 f4+ 64.
Kf3 Kf5 65. Kf2 Kg4 66. Kg2 f3+ 67. Kf2 Kf4 68. Kf1 Kg3 69. Kg1 f2+ 70. Kf1 Kf3
1/2-1/2